[Event "ISL-chT"]
[Site "Reykjavik"]
[Date "1997.??.??"]
[Round "?"]
[White "Johannesson, Larus"]
[Black "Bjarnason, Saevar"]
[Result "1/2-1/2"]
[WhiteElo "2290"]
[BlackElo "2285"]
[PlyCount "64"]
[EventDate "1997.??.??"]
[EventType "team"]
[EventRounds "9"]
[EventCountry "ISL"]
[SourceTitle "EXT 2000"]
[Source "ChessBase"]
[SourceDate "1999.11.16"]
[SourceVersion "1"]
[SourceVersionDate "1999.11.16"]
[SourceQuality "1"]

1. e4 c6 2. d3 d5 3. Nd2 e5 4. Ngf3 Bd6 5. g3 Ne7 6. Bg2 0-0 7. 0-0 Bg4 8. h3 Bd7 9. d4 exd4 10. exd5 cxd5 11. Nxd4 Nbc6 12. N2f3 a6 13. Re1 Re8 14. Bg5 Qc7 15. Qd2 f6 16. Be3 Ne5 17. b3 Rac8 18. Kh2 Ba3 19. Rab1 a5 20. Re2 Bb4 21. Qd1 Bc3 22. Bd2 Nxf3+ 23. Nxf3 Bb5 24. Re1 Bxd2 25. Qxd2 Qxc2 26. Qxc2 Rxc2 27. Nd4 Rc5 28. Nxb5 Rxb5 29. a4 Rc5 30. b4 axb4 31. Rxb4 Kf8 32. Rxb7 Ra5 1/2-1/2

[Event "Troll Masters"]
[Site "Gausdal"]
[Date "1995.??.??"]
[Round "6"]
[White "Ernst, Thomas"]
[Black "Johannesson, Larus"]
[Result "1/2-1/2"]
[WhiteElo "2465"]
[BlackElo "2290"]
[PlyCount "46"]
[EventDate "1995.01.??"]
[EventType "swiss"]
[EventRounds "9"]
[EventCountry "NOR"]
[SourceTitle "CBM 046 Extra"]
[Source "ChessBase"]
[SourceDate "1995.07.01"]
[SourceVersion "1"]
[SourceVersionDate "1995.07.01"]
[SourceQuality "1"]

1. e4 e6 2. d4 d5 3. Nd2 c5 4. exd5 Qxd5 5. Ngf3 cxd4 6. Bc4 Qd6 7. 0-0 Nf6 8. Nb3 Nc6 9. Nbxd4 Nxd4 10. Nxd4 Bd7 11. b3 a6 12. Bb2 Qc7 13. Qe2 0-0-0 14. Rad1 Bd6 15. h3 Rhe8 16. a4 h6 17. Rfe1 e5 18. Nf3 e4 19. Nd4 e3 20. fxe3 Bh2+ 21. Kh1 Ne4 22. Qf3 Ng5 23. Qf1 Ne4 1/2-1/2

[Event "Troll Masters"]
[Site "Gausdal"]
[Date "1995.??.??"]
[Round "7"]
[White "Johannesson, Larus"]
[Black "Engqvist, Thomas"]
[Result "0-1"]
[WhiteElo "2290"]
[BlackElo "2415"]
[PlyCount "120"]
[EventDate "1995.01.??"]
[EventType "swiss"]
[EventRounds "9"]
[EventCountry "NOR"]
[SourceTitle "CBM 046 Extra"]
[Source "ChessBase"]
[SourceDate "1995.07.01"]
[SourceVersion "1"]
[SourceVersionDate "1995.07.01"]
[SourceQuality "1"]

1. d4 Nf6 2. c4 e6 3. Nf3 b6 4. a3 Ba6 5. Qc2 Bb7 6. Nc3 c5 7. dxc5 bxc5 8. e4 Nc6 9. Bd3 Qc7 10. 0-0 a6 11. h3 Be7 12. Be3 0-0 13. Rae1 Rab8 14. Kh1 Ba8 15. e5 Nxe5 16. Bf4 Rxb2 17. Qxb2 Nxd3 18. Bxc7 Nxb2 19. Ne5 d5 20. cxd5 Nxd5 21. Nxd5 Bxd5 22. Rb1 Na4 23. Rfc1 Rc8 24. Rb8 Rxb8 25. Bxb8 Bg5 26. Rb1 f6 27. Nf3 Bh6 28. Bd6 Kf7 29. Rb8 Bc1 30. Rb1 Bh6 31. Rb8 e5 32. Rc8 Ke6 33. Bf8 Kd7 34. Rb8 e4 35. Ne1 Bf4 36. Rb1 g6 37. Kg1 Ke8 38. g3 Be5 39. Bh6 g5 40. h4 gxh4 41. gxh4 Kd7 42. Nc2 Kc6 43. Ne3 Nc3 44. Re1 Be6 45. Ng2 Bc4 46. Ne3 Be6 47. Ng2 Kb5 48. Bf4 Bd4 49. Bd2 f5 50. Bxc3 Bxc3 51. Rb1+ Kc6 52. Rb8 Bd2 53. Ra8 a5 54. Ne3 f4 55. Ra6+ Kd7 56. Ra7+ Kd6 57. Nc2 Bb3 58. Rb7 Bxc2 59. Rb2 c4 60. Rxc2 c3 0-1

[Event "ISL-chT"]
[Site "Iceland"]
[Date "1995.??.??"]
[Round "?"]
[White "Vidarsson, Jon Gardar"]
[Black "Johannesson, Larus"]
[Result "1-0"]
[WhiteElo "2325"]
[BlackElo "2290"]
[PlyCount "116"]
[EventDate "1995.??.??"]
[EventType "team"]
[EventRounds "7"]
[EventCountry "ISL"]
[SourceTitle "EXT 2000"]
[Source "ChessBase"]
[SourceDate "1999.11.16"]
[SourceVersion "1"]
[SourceVersionDate "1999.11.16"]
[SourceQuality "1"]

1. e4 e6 2. d4 d5 3. Nc3 Bb4 4. e5 b6 5. Qg4 Bf8 6. h4 Qd7 7. h5 h6 8. a4 Nc6 9. Be3 Nge7 10. Nf3 Bb7 11. Be2 0-0-0 12. 0-0 f6 13. Bf4 Rg8 14. Bh2 f5 15. Qh3 g5 16. hxg6 Rxg6 17. Nh4 Nxd4 18. Nxg6 Nxg6 19. Bh5 Ne7 20. Qd3 c5 21. Nb5 Nec6 22. Nxd4 Nxd4 23. a5 Nc6 24. axb6 axb6 25. Qd2 c4 26. c3 Qg7 27. f4 d4 28. Bf3 Bc5 29. Kh1 d3 30. Bg1 Qe7 31. Bf2 Na5 32. Bxb7+ Kxb7 33. Qd1 Nb3 34. Qf3+ Rd5 35. Rad1 Bxf2 36. Qxf2 Nc5 37. Qf3 Ne4 38. Rfe1 Qc5 39. Re3 Qb5 40. Rxe4 fxe4 41. Qxe4 Qxb2 42. Qh7+ Ka6 43. Qg8 d2 44. Qc8+ Ka7 45. Qc7+ Ka8 46. Qxc4 Qc1 47. Qc6+ Kb8 48. Qxb6+ Ka8 49. Qa6+ Kb8 50. Qb6+ Ka8 51. Qb3 Rd7 52. Kh2 Rb7 53. Qa4+ Kb8 54. c4 Rb1 55. Qe8+ Kc7 56. Qe7+ Kb8 57. Qd8+ Kb7 58. Rxd2 Qg1+ 1-0

[Event "Arnold Cup"]
[Site "Gausdal"]
[Date "1990.??.??"]
[Round "2"]
[White "Backelin, Rikard"]
[Black "Johannesson, Larus"]
[Result "0-1"]
[WhiteElo "2230"]
[BlackElo "2250"]
[PlyCount "108"]
[EventDate "1990.04.??"]
[EventType "swiss"]
[EventRounds "9"]
[EventCountry "NOR"]
[SourceTitle "TD"]
[Source "ChessBase"]
[SourceDate "1994.03.01"]
[SourceVersion "1"]
[SourceVersionDate "1994.03.01"]
[SourceQuality "1"]

1. c4 e6 2. d4 d5 3. Nf3 c5 4. cxd5 exd5 5. g3 Nc6 6. Bg2 Nf6 7. 0-0 Be7 8. Nc3 0-0 9. Bg5 cxd4 10. Nxd4 h6 11. Bf4 Bg4 12. h3 Bh5 13. Qa4 Qb6 14. Nf5 Bc5 15. Bxd5 Bxe2 16. Nxe2 Nxd5 17. Bxh6 Nce7 18. Nxe7+ Bxe7 19. Bc1 Bf6 20. Qg4 Rfe8 21. Rb1 Qa6 22. Nc3 Bxc3 23. bxc3 Nxc3 24. Bb2 Re4 25. Qg5 f6 26. Qg6 Nxb1 27. Rxb1 Rae8 28. Kh2 Re1 29. Bc3 R1e2 30. Bd4 Qxa2 31. Rb2 Qa6 32. Rb3 Qc6 33. Qh5 b6 34. Rc3 Qd6 35. Be3 R8xe3 36. Rc8+ Re8 37. Rxe8+ Rxe8 38. Qxe8+ Kh7 39. Qe4+ Kg8 40. Qa8+ Kh7 41. Qxa7 b5 42. Qe3 Qd5 43. Qe1 Qd4 44. Qe2 Qe5 45. Qd3+ f5 46. Qb1 Qc5 47. Kg2 b4 48. g4 Qd5+ 49. f3 b3 50. Kg3 Qe5+ 51. Kf2 b2 52. gxf5 Qc5+ 53. Kg3 Qc1 54. Qe4 Qg1+ 0-1

[Event "Arnold Cup"]
[Site "Gausdal"]
[Date "1990.??.??"]
[Round "7"]
[White "Degerman, Lars"]
[Black "Johannesson, Larus"]
[Result "1-0"]
[WhiteElo "2385"]
[BlackElo "2250"]
[PlyCount "121"]
[EventDate "1990.04.??"]
[EventType "swiss"]
[EventRounds "9"]
[EventCountry "NOR"]
[SourceTitle "TD"]
[Source "ChessBase"]
[SourceDate "1994.03.01"]
[SourceVersion "1"]
[SourceVersionDate "1994.03.01"]
[SourceQuality "1"]

1. d4 d5 2. c4 e6 3. Nf3 c5 4. cxd5 exd5 5. g3 Nc6 6. Bg2 Nf6 7. 0-0 Be7 8. Nc3 0-0 9. Bg5 cxd4 10. Nxd4 h6 11. Bf4 Bg4 12. h3 Bh5 13. Qa4 Qd7 14. Rfd1 a6 15. Nxc6 bxc6 16. g4 Bg6 17. e4 Qb7 18. exd5 cxd5 19. Nxd5 Nxd5 20. Bxd5 Qxb2 21. Bxa8 Rxa8 22. Rac1 Bh4 23. Be3 Qe2 24. Qc6 Rb8 25. Re1 Qxa2 26. Ra1 Qb3 27. Rxa6 Qb4 28. Rc1 Be4 29. Qc4 Qxc4 30. Rxc4 Bd3 31. Rb6 Ra8 32. Rcb4 Ra1+ 33. Kg2 Bf1+ 34. Kh2 Bd3 35. Rb8+ Kh7 36. R8b7 Kg6 37. Rf4 Ra2 38. Rfxf7 Bf6 39. Kg3 Be4 40. Rbd7 Be5+ 41. Bf4 Ra3+ 42. Kh2 Rf3 43. Bxe5 Rxf7 44. Rd6+ Kh7 45. f4 Ra7 46. f5 h5 47. Kg3 hxg4 48. hxg4 Bb1 49. Kf4 Rf7 50. Bd4 Bc2 51. Rd5 Ba4 52. Ra5 Be8 53. Ra8 Bc6 54. Rc8 Bd7 55. Rd8 Be6 56. Rb8 Bd7 57. Kg5 Ba4 58. f6 g6 59. Rb2 Be8 60. Re2 Rf8 61. f7 1-0

[Event "Reykjavik op"]
[Site "Reykjavik"]
[Date "1990.??.??"]
[Round "6"]
[White "Karason, Askell Orn"]
[Black "Johannesson, Larus"]
[Result "1/2-1/2"]
[WhiteElo "2250"]
[BlackElo "2250"]
[PlyCount "120"]
[EventDate "1990.03.??"]
[EventType "swiss"]
[EventRounds "11"]
[EventCountry "ISL"]
[SourceTitle "CBM 018 Extra"]
[Source "ChessBase"]
[SourceDate "1990.11.01"]
[SourceVersion "1"]
[SourceVersionDate "1990.11.01"]
[SourceQuality "1"]

1. d4 d5 2. c4 e6 3. Nc3 c5 4. cxd5 exd5 5. Nf3 Nc6 6. g3 Nf6 7. Bg2 Be7 8. 0-0 0-0 9. Bg5 cxd4 10. Nxd4 h6 11. Be3 Re8 12. Rc1 Bf8 13. Nxc6 bxc6 14. Bd4 Nh7 15. Na4 Qa5 16. a3 Bg4 17. f3 Bf5 18. Nc5 Ng5 19. g4 Bc8 20. f4 Ne4 21. Nxe4 dxe4 22. e3 Ba6 23. Rf2 c5 24. Bc3 Qb6 25. Rd2 Rad8 26. Qa4 Bb5 27. Qa5 Bd3 28. Qxb6 axb6 29. Be5 c4 30. Kf2 Bc5 31. Bc3 b5 32. Rcd1 Rb8 33. Bf1 Rb7 34. Ra1 Ra8 35. Rc1 Ra4 36. Be5 Ra8 37. Be2 Re8 38. Bc3 b4 39. axb4 Bxb4 40. Bxb4 Rxb4 41. Bd1 Reb8 42. b3 cxb3 43. Rb2 Bc4 44. Be2 Be6 45. f5 Bd7 46. Rc4 h5 47. h3 h4 48. Rc7 R8b7 49. Rxb7 Rxb7 50. Bc4 Ba4 51. Bd5 Rb4 52. Ke1 Bb5 53. Rxb3 Rxb3 54. Bxb3 Bd3 55. g5 Kf8 56. f6 gxf6 57. gxf6 Bb5 58. Bd5 Bd7 59. Bxe4 Bxh3 60. Bd5 Bg4 1/2-1/2

[Event "Reykjavik op"]
[Site "Reykjavik"]
[Date "1990.??.??"]
[Round "10"]
[White "Lamm, Steffen"]
[Black "Johannesson, Larus"]
[Result "0-1"]
[WhiteElo "2280"]
[BlackElo "2250"]
[PlyCount "78"]
[EventDate "1990.03.??"]
[EventType "swiss"]
[EventRounds "11"]
[EventCountry "ISL"]
[SourceTitle "CBM 018 Extra"]
[Source "ChessBase"]
[SourceDate "1990.11.01"]
[SourceVersion "1"]
[SourceVersionDate "1990.11.01"]
[SourceQuality "1"]

1. e4 Nc6 2. d4 d5 3. e5 Bf5 4. Nf3 e6 5. c3 h6 6. h3 g5 7. g4 Bh7 8. Bd3 Bxd3 9. Qxd3 Nge7 10. h4 gxh4 11. Rxh4 Qd7 12. Be3 0-0-0 13. Nbd2 Ng6 14. Rh5 Na5 15. b4 Nc6 16. Nb3 b6 17. a4 Nb8 18. a5 Qc6 19. axb6 axb6 20. Ra7 Qc4 21. Qxc4 dxc4 22. Nbd2 b5 23. Ne4 Nc6 24. Ra8+ Kb7 25. Rxd8 Nxd8 26. Nh2 Nc6 27. f4 Nge7 28. Bd2 Nd5 29. f5 exf5 30. Rxf5 Nd8 31. Ng3 Be7 32. Ne4 Bh4+ 33. Ke2 Bg5 34. Nf3 Bxd2 35. Kxd2 Ne6 36. Rxf7 Rg8 37. Nh2 Ra8 38. Kc1 Nef4 39. Nc5+ Kc6 0-1

[Event "Reykjavik op"]
[Site "Reykjavik"]
[Date "1990.??.??"]
[Round "4"]
[White "Stefansson, Hannes"]
[Black "Johannesson, Larus"]
[Result "1-0"]
[WhiteElo "2420"]
[BlackElo "2250"]
[PlyCount "49"]
[EventDate "1990.03.??"]
[EventType "swiss"]
[EventRounds "11"]
[EventCountry "ISL"]
[SourceTitle "CBM 018 Extra"]
[Source "ChessBase"]
[SourceDate "1990.11.01"]
[SourceVersion "1"]
[SourceVersionDate "1990.11.01"]
[SourceQuality "1"]

1. c4 e6 2. d4 d5 3. Nc3 c5 4. cxd5 exd5 5. Nf3 Nc6 6. g3 Nf6 7. Bg2 Be7 8. 0-0 0-0 9. Bg5 cxd4 10. Nxd4 h6 11. Be3 Re8 12. Qc2 Bg4 13. Rad1 Qd7 14. Nxc6 bxc6 15. Bd4 Nh7 16. Na4 Ng5 17. f3 Bh3 18. Bxh3 Qxh3 19. Qxc6 Bc5 20. Bf2 Rac8 21. Qxd5 Rxe2 22. Nxc5 Rxc5 23. Qd8+ Kh7 24. Qd3+ Rf5 25. f4 1-0

[Event "Reykjavik op"]
[Site "Reykjavik"]
[Date "1988.??.??"]
[Round "?"]
[White "Johannesson, Larus"]
[Black "Bjornsson, Tomas"]
[Result "0-1"]
[WhiteElo "2135"]
[BlackElo "2270"]
[PlyCount "56"]
[EventDate "1988.02.??"]
[EventType "swiss"]
[EventRounds "11"]
[EventCountry "ISL"]
[SourceTitle "TD"]
[Source "ChessBase"]
[SourceDate "1994.03.01"]
[SourceVersion "1"]
[SourceVersionDate "1994.03.01"]
[SourceQuality "1"]

1. e4 e5 2. Nf3 Nc6 3. Bb5 a6 4. Bxc6 dxc6 5. d4 exd4 6. Qxd4 Qxd4 7. Nxd4 Bc5 8. Nb3 Bd6 9. Be3 b6 10. N1d2 Be6 11. 0-0-0 c5 12. f4 f6 13. f5 Bf7 14. g4 Ne7 15. g5 0-0-0 16. h4 Rde8 17. Rdg1 Nxf5 18. Bf2 Ne7 19. h5 f5 20. Re1 fxe4 21. Nxe4 Bf4+ 22. Kb1 Nc6 23. Rh4 Be5 24. Rf1 Rhf8 25. Rd1 Be6 26. Rhh1 Bf5 27. Nbd2 Bf4 28. Nc3 Nb4 0-1

[Event "Reykjavik op"]
[Site "Reykjavik"]
[Date "1988.??.??"]
[Round "?"]
[White "Kristjansson, Olafur"]
[Black "Johannesson, Larus"]
[Result "0-1"]
[WhiteElo "2105"]
[BlackElo "2135"]
[PlyCount "82"]
[EventDate "1988.02.??"]
[EventType "swiss"]
[EventRounds "11"]
[EventCountry "ISL"]
[SourceTitle "TD"]
[Source "ChessBase"]
[SourceDate "1994.03.01"]
[SourceVersion "1"]
[SourceVersionDate "1994.03.01"]
[SourceQuality "1"]

1. e4 e6 2. b3 d5 3. exd5 exd5 4. Bb2 Nf6 5. Nf3 Be7 6. Be2 0-0 7. 0-0 Bf5 8. d4 c6 9. Nbd2 Nbd7 10. Re1 a5 11. Nf1 a4 12. Ng3 Bg6 13. Bd3 Bb4 14. Bxg6 Bxe1 15. Bxh7+ Nxh7 16. Nxe1 Re8 17. Nd3 Ng5 18. Qg4 Ne4 19. Nf5 Qg5 20. Qh3 axb3 21. cxb3 Nd2 22. Bc3 Nxb3 23. f4 Qd8 24. Qg3 Qf6 25. Rb1 Qxf5 26. Rxb3 Rxa2 27. h3 Ree2 28. Bb2 Raxb2 29. Nxb2 Qb1+ 30. Kh2 Rxb2 31. Ra3 Ra2 32. Re3 Nf6 33. Rb3 Qc2 34. Rxb7 Qf2 35. Qg5 Ra8 36. h4 Qxd4 37. h5 Qe4 38. Rb3 Qh7 39. Rh3 Qh6 40. Qf5 d4 41. g4 Qh7 0-1

[Event "Reykjavik op"]
[Site "Reykjavik"]
[Date "1988.??.??"]
[Round "?"]
[White "Thorsteinsson, Arnar"]
[Black "Johannesson, Larus"]
[Result "1-0"]
[WhiteElo "2100"]
[BlackElo "2135"]
[PlyCount "67"]
[EventDate "1988.02.??"]
[EventType "swiss"]
[EventRounds "11"]
[EventCountry "ISL"]
[SourceTitle "TD"]
[Source "ChessBase"]
[SourceDate "1994.03.01"]
[SourceVersion "1"]
[SourceVersionDate "1994.03.01"]
[SourceQuality "1"]

1. e4 c5 2. Nf3 Nc6 3. d4 cxd4 4. Nxd4 Qb6 5. Nb3 Nf6 6. Nc3 e6 7. Be3 Qc7 8. a3 a6 9. f4 d6 10. Be2 Be7 11. 0-0 0-0 12. Kh1 b5 13. Bf3 Bb7 14. Qe1 b4 15. Ne2 bxa3 16. bxa3 a5 17. g4 a4 18. Nd2 Na5 19. g5 Nd7 20. Qh4 Nc4 21. Nxc4 Qxc4 22. Ng3 f5 23. Rab1 Bc6 24. Rb4 Qc3 25. Bd4 Qxa3 26. c3 e5 27. Rc4 Bb5 28. Rc7 exd4 29. exf5 Rac8 30. f6 Rxc7 31. Bd5+ Kh8 32. fxg7+ Kxg7 33. Qh6+ Kh8 34. g6 1-0